书目信息 |
| 题名: |
废水生物处理技术
|
|
| 作者: | 吴婉娥 编著 | |
| 分册: | ||
| 出版信息: | 北京 化学工业出版社 2003 |
|
| 页数: | 267页 | |
| 开本: | 20cm | |
| 丛书名: | ||
| 单 册: | ||
| 中图分类: | X703.1 | |
| 科图分类: | ||
| 主题词: | 废水处理--生物处理 , 废水处理 , 生物处理 | |
| 电子资源: | ||
| ISBN: | 7-5025-4350-3 | |
| 000 | 00829nam0 2200253 450 | |
| 001 | 002320471 | |
| 005 | 20070805151902.68 | |
| 010 | @a7-5025-4350-3@dCNY25.00 | |
| 100 | @a20030307d2003 em y0chiy0110 ea | |
| 101 | 0 | @achi |
| 102 | @aCN@b110000 | |
| 105 | @ay z 000yy | |
| 106 | @ar | |
| 200 | 1 | @a废水生物处理技术@Afei shui sheng wu chu li ji shu@f吴婉娥等编著@Fwu wan e deng bian zhu |
| 210 | @a北京@c化学工业出版社@d2003 | |
| 215 | @a267页@d20cm | |
| 330 | @a本书系统介绍了废水处理的生物膜法、活性污泥法、厌氧生物处理法、生物脱氧除磷法,以及目前国内较新的尚处在开发阶段的生物强化技术及废水生态处理工程。 | |
| 606 | 0 | @a废水处理@x生物处理 |
| 606 | 0 | @a废水处理 |
| 606 | 0 | @a生物处理 |
| 690 | @aX703.1@v4 | |
| 701 | 0 | @a吴婉娥@Awu wan e@c(环境科学)@4编著 |
| 801 | 0 | @aCN@bNLC@c20070805 |
| 905 | @dX703.1@e111@f4 | |
| 废水生物处理技术/吴婉娥等编著.-北京:化学工业出版社,2003 |
| 267页;20cm |
| ISBN 7-5025-4350-3:CNY25.00 |
| 本书系统介绍了废水处理的生物膜法、活性污泥法、厌氧生物处理法、生物脱氧除磷法,以及目前国内较新的尚处在开发阶段的生物强化技术及废水生态处理工程。 |
| ● |
| 相关链接 |
|
|
|
|
正题名:废水生物处理技术
索取号:X703.1/111
 
预约/预借
| 序号 | 登录号 | 条形码 | 馆藏地/架位号 | 状态 | 备注 |
| 1 | 0851061 | 208510618 | 第二样本阅览室/ [索取号:X703.1/111] | 在馆 | |
| 2 | 0851062 | 208510627 | 第三借阅区/ [索取号:X703.1/111] | 在馆 | |
| 3 | 0851063 | 208510636 | 第三借阅区/ [索取号:X703.1/111] | 在馆 | |
| 4 | 0851064 | 208510645 | 第三借阅区/ [索取号:X703.1/111] | 在馆 |